| 000 | 00638nam a22002297a 4500 | ||
|---|---|---|---|
| 003 | OSt | ||
| 005 | 20170105103441.0 | ||
| 008 | 120420t xxu||||| |||| 00| 0 eng d | ||
| 020 | _a 9781555813710 | ||
| 040 | _cASAB Library | ||
| 050 | _a616.9041 , MUR | ||
| 082 | _29 th Ed. | ||
| 100 |
_aPatrick R Murray _991 |
||
| 245 |
_aManual of clinical microbiology _ceditor in chief, Patrick R. Murray ; editors, Ellen Jo Baron |
||
| 250 | _a9th Ed | ||
| 260 |
_aUSA _bASM Press |
||
| 300 | _a2218,xi | ||
| 440 |
_aManual of clinical microbiology _v2 _992 |
||
| 600 |
_a _994 |
||
| 650 |
_2Microbiology _993 _aMicrobiology |
||
| 942 |
_2ddc _cBK |
||
| 999 |
_c16455 _d16455 |
||